000 00869nam0a22002651 4500
001 rc\258053
005 20250621024453.0
010 _a5-337-00545-6
_91300
035 _a(NLR Aleph) 005531315
090 _a5612319
_c5612319
100 _a20030307d1990 |||y0rusy50 ca
101 0 _arus
102 _aRU
105 _ay |||||||||
200 1 _aОптимизация плана производства в пищевой промышленности
210 _aКиев
_cУрожай
_d1990
215 _a142, [2] с.
_d20
320 _aБиблиогр.: с. 144 (17 назв.)
700 1 _aШереметинский
_bА.П.
_gАнатолий Петрович
701 1 _aСвитлинский
_bЕ.Т.
_gЕвгений Тадеевич
801 0 _aRU
_bNLR
_gpsbo
801 1 _aRU
_bELAR
_2rusmarc
852 _aNLR
_j89-3/16782
942 _cBOOK
980 _aNB